000
00275nam a22001217a 4500
020
_a
9780007302963
040
_a
1
082
_a
914.31
_b
ONE 2008
100
_a
Onell, Joseph
245
_a
Netherland
_c
Joseph O Nell
260
_a
London
_b
Fourth Estate
_c
2008
942
_2
ddc
_c
BK
999
_c
16081
_d
16081